000 00525nam a2200217Ia 4500
003 OSt
005 20220924134136.0
006 a|||||r|||| 00| 0
007 ta
008 220923b |||||||| |||| 00| 0 snd d
024 _a272414
037 _cTextual
040 _aARTS
_cARTS
_bsnd
041 _2snd
_asnd
082 _aO1593,3N33,AC, J6
100 _aHemthani
_9208136
245 0 _aAccident
260 _c1956
942 _hO1593,3N33,AC, J6
_cTEXL
_2CC
999 _c436499
_d436499